[Event "British Columbia op"]
[Site "Richmond CAN"]
[Date "2026.02.16"]
[Round "6.2"]
[White "Yang, Jingyun (Ryan)"]
[Black "Qu, Leo"]
[Result "1-0"]
[WhiteElo "2374"]
[BlackElo "2236"]
[WhiteFideId "-1"]
[BlackFideId "-1"]
[PlyCount "161"]
[GameId "2286105348944266"]
[EventDate "2026.02.14"]
[EventType "swiss"]
[EventRounds "6"]
[EventCountry "CAN"]
[SourceTitle "DGT"]

{[%evp 0,161,31,10,70,66,81,48,49,35,26,25,45,18,21,20,21,26,20,19,34,24,30,25,25,21,32,21,56,17,20,13,17,17,26,28,47,30,28,28,26,10,12,1,29,6,27,2,21,25,31,31,31,36,45,11,32,19,9,0,0,0,1,-8,-5,-16,-2,3,-10,-10,-2,-21,-13,-33,-30,-80,-58,-59,-53,-59,31,37,23,23,30,43,43,56,55,55,55,62,66,66,63,69,110,115,101,95,154,161,150,159,163,163,157,164,164,165,153,135,137,131,236,239,237,174,169,158,171,160,185,168,146,175,146,151,137,136,146,137,148,118,162,171,164,164,210,174,179,180,180,180,180,179,180,203,244,235,285,351,507,507,507,517,537,537,537,537,537,547,1509,1499]} 1. e4 c6 2. d4 d5 3. exd5 cxd5 4. c3 Nc6 5. Nf3 Bg4 6. h3 Bxf3 7. Qxf3 e6 8. Bd3 Nf6 9. O-O Be7 10. Re1 O-O 11. Bf4 a6 12. a4 Ne8 13. Qh5 g6 14. Qe2 Bg5 15. Bh2 Qf6 16. Be5 Nxe5 17. dxe5 Qe7 18. Nd2 Bxd2 19. Qxd2 Rc8 20. Ra3 f6 21. exf6 Qxf6 22. Rb3 Rc7 23. Rb6 Ng7 24. Qe3 Qf4 25. Rb4 Qxe3 26. Rxe3 Rfc8 27. Kf1 Re8 28. Re5 Nh5 29. Be2 Nf6 30. Bf3 Ree7 31. Ke2 Kg7 32. Kd2 Nd7 33. Re3 Nc5 34. a5 Rcd7 35. Kc2 e5 36. Bg4 Rc7 37. f4 h5 38. Be2 e4 39. Rg3 Ne6 40. f5 Nf4 41. Kd2 Rc6 42. Ke3 Nxe2 43. Kxe2 Rf7 44. fxg6 Rxg6 (44... Rcf6 45. gxf7+ {in original}) 45. Rxg6+ Kxg6 46. Rb6+ Kg5 47. Rd6 Rf5 48. Rd7 Kf4 49. Rxb7 d4 50. cxd4 Rxa5 51. Rf7+ Kg3 52. Rg7+ Kf4 53. g3+ Kf5 54. Ke3 Rb5 55. Rf7+ Ke6 56. Rh7 Rb3+ 57. Kxe4 Rxg3 58. Rh6+ Kd7 59. Rxh5 Rb3 60. Rh7+ Kc6 61. Rh6+ Kb7 62. Rh7+ Kc6 63. d5+ Kc5 64. Rc7+ Kd6 65. Rc6+ Kd7 66. Rxa6 Rxb2 67. Rh6 Re2+ 68. Kd3 Re1 69. h4 Rd1+ 70. Ke4 Re1+ 71. Kf5 Rd1 72. Ke5 Re1+ 73. Kf6 Kd6 74. h5 Rh1 75. Kg7+ Kxd5 76. Ra6 Ke5 77. h6 Kf5 78. Rf6+ Ke5 79. Rg6 Kf5 80. h7 Ra1 81. h8=Q 1-0

[Event "British Columbia op"]
[Site "Richmond CAN"]
[Date "2026.02.16"]
[Round "6.4"]
[White "Cheng, Bindi"]
[Black "Aljo, Johan"]
[Result "1/2-1/2"]
[WhiteElo "2379"]
[BlackElo "2209"]
[WhiteFideId "-1"]
[BlackFideId "-1"]
[PlyCount "72"]
[GameId "2286105348944267"]
[EventDate "2026.02.14"]
[EventType "swiss"]
[EventRounds "6"]
[EventCountry "CAN"]
[SourceTitle "DGT"]

1. Nf3 d5 2. g3 Nf6 3. Bg2 e6 4. O-O Be7 5. c4 O-O 6. d4 a5 7. Nc3 c6 8. b3 Nbd7 9. Bb2 b6 10. Qd3 Ba6 11. e4 b5 12. exd5 bxc4 13. bxc4 cxd5 14. Nd2 Nb6 15. Rfc1 Nxc4 16. Nxc4 Bxc4 17. Qe3 Rb8 18. Rc2 Qd7 19. Nd1 Rfc8 20. Bc3 a4 21. Nb2 a3 22. Nxc4 Rxc4 23. Rac1 Ne8 24. Bf1 Rcc8 25. Ba6 Rc6 26. Bd3 Nd6 27. Ba5 Rxc2 28. Rxc2 Nc4 29. Qe1 Qb5 30. Bd2 Qb1 31. Bc1 Qb4 32. Kf1 Qxe1+ 33. Kxe1 Nb2 34. Ba6 Bf6 35. Be3 g6 36. Rc3 Rb4 1/2-1/2

[Event "British Columbia op"]
[Site "Richmond CAN"]
[Date "2026.02.16"]
[Round "6.5"]
[White "Xu, Justin"]
[Black "Wang, Ted"]
[Result "1/2-1/2"]
[WhiteElo "2242"]
[BlackElo "2248"]
[WhiteFideId "-1"]
[BlackFideId "-1"]
[PlyCount "47"]
[GameId "2286105348944268"]
[EventDate "2026.02.14"]
[EventType "swiss"]
[EventRounds "6"]
[EventCountry "CAN"]
[SourceTitle "DGT"]

{[%evp 0,47,28,20,56,51,43,45,43,25,50,38,38,17,24,13,-8,5,15,32,2,-32,-29,-32,-37,-43,-23,-31,-50,-27,-39,-19,-29,-29,-14,-11,-27,-37,-11,-11,4,-53,-42,-33,-26,-13,-10,-33,-11,-24]} 1. e4 c5 2. Nf3 Nc6 3. Bb5 e6 4. O-O Nge7 5. Re1 Nd4 6. Nxd4 cxd4 7. c3 a6 8. Bf1 Nc6 9. d3 Bc5 10. Qc2 d6 11. Nd2 O-O 12. Nf3 e5 13. cxd4 Nxd4 14. Nxd4 Bxd4 15. Be3 Bxe3 16. Rxe3 Be6 17. d4 exd4 18. Rd3 d5 19. Rxd4 Qb6 20. Qd2 dxe4 21. Rxe4 Rfd8 22. Qb4 Qc6 23. Rd4 Rxd4 (23... Rd6 {in original}) 24. Qxd4 1/2-1/2

[Event "CAN-ch Universities"]
[Site "Toronto CAN"]
[Date "2026.01.17"]
[Round "1.1"]
[White "Smolkin, Ben Gabriel"]
[Black "Vettese, Nicholas"]
[Result "1/2-1/2"]
[WhiteElo "1967"]
[BlackElo "2406"]
[WhiteFideId "-1"]
[BlackFideId "-1"]
[PlyCount "117"]
[GameId "2264108300476416"]
[EventDate "2026.01.17"]
[EventType "team-swiss"]
[EventRounds "5"]
[EventCountry "CAN"]
[WhiteTeam "Toronto Metropolitan University - Team A"]
[BlackTeam "University of Toronto - Team A"]

1. e4 e6 2. d4 d5 3. Nc3 Nf6 4. Bg5 dxe4 5. Nxe4 Be7 6. Bxf6 gxf6 7. Nf3 a6 8. c3 f5 9. Ng3 c5 10. Qb3 cxd4 11. O-O-O Qc7 12. Nxd4 Nc6 13. Kb1 Nxd4 14. cxd4 Bd7 15. d5 Rc8 16. Bd3 Qf4 17. Rhe1 Ba4 18. Qxb7 Rb8 19. Nh5 Qd6 20. Qxa6 Qb4 21. b3 Bxb3 22. Bb5+ Kf8 23. axb3 Qxb3+ 24. Ka1 Qc3+ 25. Kb1 Ba3 26. Rd2 Qb4+ 27. Ka1 Qc3+ 28. Kb1 Rg8 29. Ree2 Rxg2 30. Ka2 Bc5 31. Rc2 Qb4 32. dxe6 fxe6 33. Rxe6 Qxb5 34. Qxb5 Rxb5 35. Re5 Ra5+ 36. Kb3 Bb6 37. Rxa5 Bxa5 38. Rc5 Bb6 39. Rxf5+ Kg8 40. f4 Rxh2 41. Nf6+ Kg7 42. Nh5+ Kh6 43. Nf6 Kg6 44. Rb5 Bd4 45. Ne4 Rb2+ 46. Kc4 Rxb5 47. Kxb5 Kf5 48. Ng5 h5 49. Kc4 Ba7 50. Kd3 Kxf4 51. Ke2 h4 52. Kf1 Kg3 53. Ne4+ Kh2 54. Ng5 Kg3 55. Ne4+ Kf3 56. Ng5+ Kg4 57. Kg2 Kxg5 58. Kh2 h3 59. Kxh3 1/2-1/2

[Event "CAN-ch Universities"]
[Site "Toronto CAN"]
[Date "2026.01.17"]
[Round "1.2"]
[White "Noritsyn, Sergey"]
[Black "Maulucci, Anthony"]
[Result "0-1"]
[WhiteElo "2268"]
[BlackElo "1849"]
[WhiteFideId "-1"]
[BlackFideId "-1"]
[PlyCount "74"]
[GameId "2267100244434944"]
[EventDate "2026.01.17"]
[EventType "team-swiss"]
[EventRounds "5"]
[EventCountry "CAN"]
[WhiteTeam "University of Toronto - Team A"]
[BlackTeam "Toronto Metropolitan University - Team A"]

1. Nf3 d5 2. d4 Nf6 3. g3 e6 4. Bg2 c5 5. O-O Nc6 6. dxc5 Bxc5 7. c4 O-O 8. cxd5 exd5 9. a3 a6 10. b4 Ba7 11. Bb2 Bg4 12. Nbd2 Re8 13. h3 Bxf3 14. Nxf3 Ne4 15. e3 Nxf2 16. Rxf2 Bxe3 17. Kf1 Bxf2 18. Kxf2 d4 19. Nxd4 Qb6 20. Bxc6 bxc6 21. Rc1 Rad8 22. Kg2 Re4 23. Rc5 h6 24. Qd3 Rde8 25. Rc2 Re3 26. Qc4 c5 27. Qxc5 Qb8 28. Nf5 Qb7+ 29. Kg1 Re1+ 30. Kf2 Qh1 31. Qc4 Qg1+ 32. Kf3 R1e3+ 33. Kf4 g5+ 34. Kg4 Qd1+ 35. Re2 R3e4+ 36. Kh5 Rxc4 37. Nxh6+ Kh7 0-1

[Event "CAN-ch Universities"]
[Site "Toronto CAN"]
[Date "2026.01.17"]
[Round "1.3"]
[White "Mittal, Aashwin"]
[Black "Mao, Fengxi"]
[Result "0-1"]
[WhiteElo "1831"]
[BlackElo "2213"]
[WhiteFideId "-1"]
[BlackFideId "-1"]
[PlyCount "94"]
[GameId "2267100244455424"]
[EventDate "2026.01.17"]
[EventType "team-swiss"]
[EventRounds "5"]
[EventCountry "CAN"]
[WhiteTeam "Toronto Metropolitan University - Team A"]
[BlackTeam "University of Toronto - Team A"]

1. e4 c5 2. Nf3 Nc6 3. d4 cxd4 4. Nxd4 g6 5. Nc3 Bg7 6. Be3 Nf6 7. Bc4 O-O 8. Bb3 Re8 9. f3 d5 10. exd5 Nb4 11. Nde2 e6 12. Bd4 Nbxd5 13. Qd2 Nxc3 14. Nxc3 e5 15. Be3 Qxd2+ 16. Bxd2 Be6 17. O-O-O Bxb3 18. axb3 e4 19. fxe4 Nxe4 20. Nxe4 Rxe4 21. Rhe1 Rae8 22. Re2 Re3 23. Rxe3 Re6 24. Re4 Rxe4 25. Re1 f5 26. Rxe4 fxe4 27. c3 Kf7 28. Bf4 Ke6 29. Kd2 b5 30. Ke3 Kd5 31. b4 Bf6 32. g4 a6 33. Kd2 Bd8 34. b3 Bf6 35. h3 Bg7 36. Be3 Be5 37. Kc2 Bg3 38. Kd2 Bh4 39. Bf4 Bf6 40. Be3 Be5 41. Kc2 Bd6 42. Kd2 Bg3 43. Ke2 Bh4 44. Kd2 Ke5 45. Ke2 Be7 46. Bc5 Bxc5 47. bxc5 a5 0-1

[Event "CAN-ch Universities"]
[Site "Toronto CAN"]
[Date "2026.01.17"]
[Round "1.4"]
[White "Chen, Max"]
[Black "Pham, Thai"]
[Result "1-0"]
[WhiteElo "2244"]
[BlackElo "1800"]
[WhiteFideId "-1"]
[BlackFideId "-1"]
[PlyCount "79"]
[GameId "2267100244463616"]
[EventDate "2026.01.17"]
[EventType "team-swiss"]
[EventRounds "5"]
[EventCountry "CAN"]
[WhiteTeam "University of Toronto - Team A"]

1. e4 c6 2. Nf3 d5 3. exd5 cxd5 4. d4 Nc6 5. c3 Bg4 6. h3 Bh5 7. Qb3 a6 8. g4 Bg6 9. Qxb7 Na5 10. Qb4 f6 11. Qa4+ Kf7 12. Nh4 e5 13. Nxg6 hxg6 14. Bg2 e4 15. O-O Bd6 16. f3 exf3 17. Rxf3 Ne7 18. Nd2 Rc8 19. Nf1 Rc4 20. Qd1 Re8 21. Bf4 Bxf4 22. Rxf4 g5 23. Rf3 Ng6 24. Ne3 Nf4 25. Nxc4 Nxc4 26. Bf1 Qd6 27. Qc2 Ng6 28. Qf2 Nh4 29. Rd3 Re4 30. b3 Rf4 31. Qe2 Nb6 32. Re1 Re4 33. Re3 Nd7 34. Bg2 Rxe3 35. Qxe3 Nf8 36. c4 dxc4 37. bxc4 Nxg2 38. Kxg2 Qc6+ 39. Qf3 Qxc4 40. Qb3 1-0

[Event "CAN-ch Universities"]
[Site "Toronto CAN"]
[Date "2026.01.17"]
[Round "1.5"]
[White "Lai, Duc Minh"]
[Black "Hebrard, Emmanuel"]
[Result "1-0"]
[WhiteElo "2126"]
[BlackElo "1894"]
[WhiteFideId "-1"]
[BlackFideId "-1"]
[PlyCount "87"]
[GameId "2267100244471808"]
[EventDate "2026.01.17"]
[EventType "team-swiss"]
[EventRounds "5"]
[EventCountry "CAN"]
[WhiteTeam "University of Toronto - Team B"]

1. d4 f5 2. Nc3 Nf6 3. Bg5 e6 4. e4 fxe4 5. Nxe4 Be7 6. Bxf6 Bxf6 7. Nf3 Nc6 8. c3 b6 9. Qc2 Bb7 10. Bd3 Qe7 11. O-O-O O-O-O 12. h4 Rdf8 13. Kb1 Kb8 14. Rde1 Nd8 15. Ne5 Bxe5 16. dxe5 Nf7 17. f4 Nh6 18. g3 Nf5 19. Rhg1 Qe8 20. Qf2 Ne7 21. Bc2 h6 22. Rd1 Bxe4 23. Bxe4 g5 24. Qd4 gxf4 25. Qxd7 Qxd7 26. Rxd7 Nf5 27. gxf4 Kc8 28. Bc6 Rhg8 29. Rxg8 Rxg8 30. Rh7 Kd8 31. Rd7+ Kc8 32. Rf7 Nxh4 33. Bd7+ Kb7 34. Bxe6 Rd8 35. Bg4 Kc6 36. Rf6+ Kc5 37. Kc2 a5 38. Bh5 Ng2 39. e6 Kd6 40. f5 Ne3+ 41. Kb3 b5 42. e7+ Kc5 43. Rc6+ Kxc6 44. exd8=Q 1-0

[Event "CAN-ch Universities"]
[Site "Toronto CAN"]
[Date "2026.01.17"]
[Round "1.6"]
[White "Porlier, Xavier"]
[Black "Zhang, Samuel"]
[Result "0-1"]
[WhiteElo "1926"]
[BlackElo "2115"]
[WhiteFideId "-1"]
[BlackFideId "-1"]
[PlyCount "51"]
[GameId "2267100244484096"]
[EventDate "2026.01.17"]
[EventType "team-swiss"]
[EventRounds "5"]
[EventCountry "CAN"]
[WhiteTeam "Université de Montréal - Team A"]
[BlackTeam "University of Toronto - Team B"]

1. e4 c5 2. Nc3 d6 3. f4 g6 4. Nf3 Bg7 5. Bb5+ Bd7 6. Bxd7+ Qxd7 7. d3 Nc6 8. O-O f5 9. Be3 Nf6 10. h3 e6 11. e5 Nd5 12. Nxd5 exd5 13. Re1 d4 14. Bf2 O-O-O 15. exd6 Qxd6 16. Ng5 Rd7 17. Qf3 h6 18. Ne6 Bf6 19. c3 Re8 20. Nxc5 Rxe1+ 21. Rxe1 Qxc5 22. Re6 Rd6 23. Qe2 Nd8 24. Re8 Qc6 25. c4 Re6 26. Rxe6 0-1

[Event "CAN-ch Universities"]
[Site "Toronto CAN"]
[Date "2026.01.17"]
[Round "1.7"]
[White "Woltery, Nicolai"]
[Black "Bain-Thouverez, Aurelien"]
[Result "1-0"]
[WhiteElo "2128"]
[BlackElo "1898"]
[WhiteFideId "-1"]
[BlackFideId "-1"]
[PlyCount "103"]
[GameId "2267100244500480"]
[EventDate "2026.01.17"]
[EventType "team-swiss"]
[EventRounds "5"]
[EventCountry "CAN"]
[WhiteTeam "University of Toronto - Team B"]
[BlackTeam "Université de Montréal - Team A"]

1. c4 Nf6 2. Nc3 c5 3. g3 e6 4. Nf3 d5 5. cxd5 exd5 6. d4 cxd4 7. Nxd4 Bc5 8. Nb3 Bb4 9. Bg2 Be6 10. O-O O-O 11. Bg5 Bxc3 12. bxc3 Nbd7 13. Qd4 Qc7 14. Bf4 Qc4 15. Rfe1 Ne4 16. Qxc4 dxc4 17. Bxe4 cxb3 18. Bxb7 b2 19. Rab1 Rad8 20. Bc7 Rb8 21. Bxb8 Rxb8 22. Rxb2 Nc5 23. Reb1 Na4 24. Rb4 Nxc3 25. Bf3 Rc8 26. R1b2 g6 27. Rb8 Rxb8 28. Rxb8+ Kg7 29. Ra8 Nxa2 30. Rxa7 Nc3 31. e3 Nb5 32. Ra5 Nd6 33. Bd5 Bxd5 34. Rxd5 Nf5 35. Ra5 Ne7 36. Kg2 Nc8 37. Ra6 Ne7 38. Kf3 Nd5 39. e4 Nc7 40. Rb6 Ne6 41. Ke3 Nc5 42. f4 h5 43. Kd4 Nd7 44. Rb7 Nf8 45. Kd5 Kf6 46. h3 Ne6 47. Rb6 Ke7 48. Rxe6+ fxe6+ 49. Ke5 Kf7 50. g4 hxg4 51. hxg4 Ke7 52. g5 1-0

[Event "CAN-ch Universities"]
[Site "Toronto CAN"]
[Date "2026.01.17"]
[Round "2.1"]
[White "Vettese, Nicholas"]
[Black "Hua, Eugene"]
[Result "1-0"]
[WhiteElo "2406"]
[BlackElo "2262"]
[WhiteFideId "-1"]
[BlackFideId "-1"]
[PlyCount "170"]
[GameId "2264108384669696"]
[EventDate "2026.01.17"]
[EventType "team-swiss"]
[EventRounds "5"]
[EventCountry "CAN"]
[WhiteTeam "University of Toronto - Team A"]
[BlackTeam "McMaster University - Team A"]

1. e4 c5 2. Nf3 e6 3. d4 cxd4 4. Nxd4 Nc6 5. Nc3 Qc7 6. Be3 a6 7. Qf3 Bd6 8. O-O-O Be5 9. g3 Nge7 10. Qe2 O-O 11. Qd2 d5 12. Nxc6 bxc6 13. f4 Bd6 14. Na4 e5 15. c4 d4 16. c5 Bxc5 17. Nxc5 dxe3 18. Qxe3 Bg4 19. Rd3 Rad8 20. f5 Qa5 21. h3 Bf3 22. Nb3 Rxd3 23. Bxd3 Qxa2 24. Bb1 Qxb1+ 25. Kxb1 Bxh1 26. Nc5 Rd8 27. Qe2 Rd4 28. Qxa6 Kh8 29. Qb7 Ng8 30. Qxf7 Bxe4+ 31. Kc1 Bxf5 32. g4 Bg6 33. Qa7 Rf4 34. Kd2 Rf7 35. Qb8 e4 36. h4 h5 37. gxh5 Bf5 38. h6 gxh6 39. Qe5+ Kh7 40. Nxe4 Bxe4 41. Qxe4+ Kg7 42. Qxc6 Nf6 43. b4 Rd7+ 44. Ke3 Kf7 45. b5 Ke7 46. Kf3 Rd6 47. Qc7+ Nd7 48. Kf4 Rb6 49. Qc4 Rf6+ 50. Kg3 Rg6+ 51. Kh3 Re6 52. Qb4+ Kf7 53. Qb2 Rf6 54. Kg4 Rg6+ 55. Kf5 Rf6+ 56. Ke4 Re6+ 57. Kd4 Rd6+ 58. Kc4 Nb6+ 59. Kb4 Nd7 60. Qh8 Ke7 61. Ka5 Rf6 62. Qg7+ Kd8 63. Kb4 Rf4+ 64. Kc3 Rf6 65. Kd4 Kc7 66. Qe7 Rb6 67. Qb4 Rd6+ 68. Ke4 Rf6 69. Qa5+ Rb6 70. Kf5 Kb7 71. Qc3 Rxb5+ 72. Ke6 Nc5+ 73. Ke7 Kc6 74. Qf3+ Kb6 75. Qf6+ Ka5 76. Qxh6 Rb7+ 77. Kd8 Kb5 78. h5 Rb8+ 79. Kc7 Rb7+ 80. Kc8 Rf7 81. Qh8 Kc6 82. Qe8+ Rd7 83. h6 Kd6 84. Qf8+ Re7 85. h7 Kd5 1-0

[Event "CAN-ch Universities"]
[Site "Toronto CAN"]
[Date "2026.01.17"]
[Round "2.2"]
[White "Gao, Raymond"]
[Black "Noritsyn, Sergey"]
[Result "1/2-1/2"]
[WhiteElo "2077"]
[BlackElo "2268"]
[WhiteFideId "-1"]
[BlackFideId "-1"]
[PlyCount "117"]
[GameId "2267325747200000"]
[EventDate "2026.01.17"]
[EventType "team-swiss"]
[EventRounds "5"]
[EventCountry "CAN"]
[WhiteTeam "McMaster University - Team A"]
[BlackTeam "University of Toronto - Team A"]

1. Nf3 d5 2. g3 Nf6 3. Bg2 e6 4. O-O Be7 5. c4 dxc4 6. Na3 O-O 7. Nxc4 c5 8. b3 b5 9. Nce5 Bb7 10. Bb2 Nbd7 11. Qc2 Nxe5 12. Bxe5 Nd5 13. Rac1 Rc8 14. h4 f6 15. Ba1 Nb4 16. Qb1 Qb6 17. h5 Rfd8 18. h6 g6 19. a3 Nc6 20. Nh4 Kf7 21. Be4 f5 22. Bxc6 Bxc6 23. Qb2 Rg8 24. Nf3 Bxf3 25. exf3 g5 26. b4 Qb7 27. Rfe1 Rg6 28. bxc5 Qxf3 29. Qc3 Qxc3 30. Bxc3 Rxc5 31. Bb4 Rc4 32. d3 Bxb4 33. axb4 Rxc1 34. Rxc1 Rxh6 35. Rc7+ Kf6 36. Rxa7 Ke5 37. Rd7 f4 38. Rb7 Kd4 39. Rxb5 e5 40. Kg2 Re6 41. Kf3 Kxd3 42. gxf4 gxf4 43. Rd5+ Kc4 44. Ke4 Kxb4 45. Rxe5 Rf6 46. Rf5 Rxf5 47. Kxf5 f3 48. Kf4 Kc5 49. Kxf3 Kd6 50. Kf4 Ke6 51. Kg5 Kf7 52. Kf5 Ke7 53. Kg5 Kf7 54. f4 Kg7 55. f5 h6+ 56. Kh5 Kf6 57. Kg4 Ke5 58. Kh5 Kxf5 59. Kxh6 1/2-1/2

[Event "CAN-ch Universities"]
[Site "Toronto CAN"]
[Date "2026.01.17"]
[Round "2.3"]
[White "Mao, Fengxi"]
[Black "Wong Velis, Francisco Jesus"]
[Result "1-0"]
[WhiteElo "2213"]
[BlackElo "1896"]
[WhiteFideId "-1"]
[BlackFideId "-1"]
[PlyCount "229"]
[GameId "2267325747216384"]
[EventDate "2026.01.17"]
[EventType "team-swiss"]
[EventRounds "5"]
[EventCountry "CAN"]
[WhiteTeam "University of Toronto - Team A"]
[BlackTeam "McMaster University - Team A"]

1. e4 c5 2. Nf3 a6 3. c3 Nf6 4. e5 Nd5 5. d4 cxd4 6. Bc4 e6 7. Bxd5 exd5 8. Qxd4 Nc6 9. Qxd5 d6 10. exd6 Bxd6 11. Qe4+ Ne7 12. O-O O-O 13. Bf4 Bf5 14. Qd4 Bxf4 15. Qxf4 Qb6 16. b3 Rac8 17. c4 Qf6 18. Nbd2 Rfd8 19. Ne4 Bxe4 20. Qxe4 b5 21. Rfe1 Ng6 22. cxb5 axb5 23. a4 bxa4 24. bxa4 Ra8 25. Rad1 Rdc8 26. Rc1 Rd8 27. Rcd1 Rdc8 28. Qd4 Qa6 29. Ra1 Rc4 30. Qd7 Nf8 31. Re8 Rxe8 32. Qxe8 Qa7 33. a5 Rc2 34. Qe3 Qa6 35. Nd4 Rc5 36. Nb3 Rb5 37. Qe2 Qc6 38. Qa2 Qf6 39. Rb1 Qa6 40. h3 h6 41. Kh2 Ne6 42. g3 Re5 43. Kg1 Re2 44. Qa4 Qd3 45. Rf1 Ng5 46. Nc1 Re4 47. Nxd3 Rxa4 48. h4 Ne6 49. Rb1 Rxa5 50. Rb8+ Kh7 51. Rb7 f6 52. Re7 Rd5 53. Nb4 Rd6 54. Nc2 h5 55. Ne3 Kg6 56. Kg2 Ra6 57. Kh3 Nd4 58. Nd5 Nf5 59. Nf4+ Kh6 60. Re8 g6 61. Rg8 Ne7 62. Rh8+ Kg7 63. Rb8 f5 64. Rb7 Kf6 65. Kg2 Rc6 66. Ra7 Rd6 67. Kf3 Rc6 68. Ke3 Rd6 69. Kf3 Rc6 70. Rd7 Ra6 71. Ke3 Rc6 72. Kd4 Ra6 73. Kc5 Rc6+ 74. Kb5 Rc2 75. Rd6+ Kf7 76. Nd3 Kg7 77. Kb4 Re2 78. Kc5 Re4 79. Ra6 Re2 80. Rb6 Kf7 81. Rb7 Kf6 82. Ra7 Kf7 83. Ra6 Kg7 84. Rd6 Kf7 85. f4 Kg7 86. Ne5 Rc2+ 87. Kb5 Rb2+ 88. Ka6 Rc2 89. Kb7 Rb2+ 90. Kc7 Ra2 91. Re6 Nd5+ 92. Kd6 Nf6 93. Re7+ Kh6 94. Ke6 Ra6+ 95. Kf7 Ne4 96. Re8 Nd6+ 97. Kg8 Ra7 98. Rd8 Rg7+ 99. Kf8 Ne4 100. Nf7+ Kh7 101. Ke7 Rg8 102. Ng5+ Kh8 103. Rd7 Rg7+ 104. Nf7+ Kh7 105. Rd3 Rg8 106. Ng5+ Nxg5 107. hxg5 Ra8 108. Ke6 Ra5 109. Rd7+ Kg8 110. Re7 Ra6+ 111. Ke5 Ra5+ 112. Kf6 Ra6+ 113. Re6 Rxe6+ 114. Kxe6 Kg7 115. Ke7 1-0

[Event "CAN-ch Universities"]
[Site "Toronto CAN"]
[Date "2026.01.17"]
[Round "2.4"]
[White "Washimkar, Arhant"]
[Black "Rusonik, Max"]
[Result "0-1"]
[WhiteElo "1821"]
[BlackElo "2219"]
[WhiteFideId "-1"]
[BlackFideId "-1"]
[PlyCount "67"]
[GameId "2267325747232768"]
[EventDate "2026.01.17"]
[EventType "team-swiss"]
[EventRounds "5"]
[EventCountry "CAN"]
[WhiteTeam "McMaster University - Team A"]
[BlackTeam "University of Toronto - Team A"]

1. e4 c5 2. Nf3 d6 3. Bb5+ Nd7 4. c4 Ngf6 5. O-O g6 6. Nc3 Bg7 7. d4 cxd4 8. Nxd4 O-O 9. Bxd7 Bxd7 10. Qd3 Ng4 11. b3 Ne5 12. Qd2 Nc6 13. Nde2 a6 14. Bb2 Qa5 15. a3 Rfc8 16. Rfd1 Be6 17. Qe3 Rab8 18. b4 Qc7 19. c5 dxc5 20. Qxc5 Ne5 21. Na4 Bb3 22. Rdc1 Qd8 23. Bxe5 Rxc5 24. Bxb8 Rxc1+ 25. Rxc1 Bxa4 26. Bf4 Bb5 27. Ng3 Bb2 28. Re1 Bxa3 29. h4 Bxb4 30. Rc1 h5 31. Kh2 a5 32. Bc7 Qd7 33. Be5 f6 34. Rc2 0-1

[Event "CAN-ch Universities"]
[Site "Toronto CAN"]
[Date "2026.01.17"]
[Round "2.5"]
[White "Sheth, Rudra"]
[Black "Lai, Duc Minh"]
[Result "0-1"]
[WhiteElo "1700"]
[BlackElo "2126"]
[WhiteFideId "-1"]
[BlackFideId "-1"]
[PlyCount "66"]
[GameId "2267325747245056"]
[EventDate "2026.01.17"]
[EventType "team-swiss"]
[EventRounds "5"]
[EventCountry "CAN"]
[WhiteTeam "McMaster University - Team B"]
[BlackTeam "University of Toronto - Team B"]

1. e4 c5 2. Nf3 g6 3. c3 d5 4. e5 Nc6 5. d4 cxd4 6. cxd4 Bg4 7. Bb5 Rc8 8. O-O Nh6 9. Nbd2 e6 10. h3 Bxf3 11. Nxf3 Nf5 12. Bg5 Be7 13. Bxe7 Nfxe7 14. Qd2 O-O 15. g4 Kg7 16. Qf4 f5 17. exf6+ Rxf6 18. Qe3 Qb6 19. Be2 Rcf8 20. Rad1 h6 21. g5 hxg5 22. Nxg5 Nf5 23. Qc1 Nfxd4 24. Bg4 e5 25. Kg2 Kg8 26. Rde1 e4 27. Qe3 Nc2 28. Qg3 Nxe1+ 29. Kh1 Rxf2 30. Be6+ Kg7 31. Rg1 Rf1 32. Qc3+ Qd4 33. Qg3 Rxg1+ 0-1

[Event "CAN-ch Universities"]
[Site "Toronto CAN"]
[Date "2026.01.17"]
[Round "2.6"]
[White "Zhang, Samuel"]
[Black "Suarez Granados, Yarib"]
[Result "1-0"]
[WhiteElo "2115"]
[BlackElo "1893"]
[WhiteFideId "-1"]
[BlackFideId "-1"]
[PlyCount "49"]
[GameId "2267325747253248"]
[EventDate "2026.01.17"]
[EventType "team-swiss"]
[EventRounds "5"]
[EventCountry "CAN"]
[WhiteTeam "University of Toronto - Team B"]
[BlackTeam "McMaster University - Team B"]

1. e4 d5 2. exd5 Qxd5 3. Nc3 Qd8 4. Nf3 Nf6 5. d4 Bg4 6. h3 Bxf3 7. Qxf3 c6 8. g4 e6 9. g5 Nd5 10. Ne4 Be7 11. Bd2 Nd7 12. O-O-O b5 13. h4 e5 14. dxe5 Nxe5 15. Qg3 Qb8 16. Re1 Ng6 17. h5 Qxg3 18. Nxg3 Ngf4 19. Nf5 Ne6 20. f4 O-O 21. Nxe7+ Nxe7 22. Bb4 Nd5 23. Bxf8 Kxf8 24. g6 Ndxf4 25. Bh3 1-0

[Event "CAN-ch Universities"]
[Site "Toronto CAN"]
[Date "2026.01.17"]
[Round "2.7"]
[White "Deng, Jiaqi"]
[Black "Woltery, Nicolai"]
[Result "0-1"]
[WhiteElo "1772"]
[BlackElo "2128"]
[WhiteFideId "-1"]
[BlackFideId "-1"]
[PlyCount "80"]
[GameId "2267325747265536"]
[EventDate "2026.01.17"]
[EventType "team-swiss"]
[EventRounds "5"]
[EventCountry "CAN"]
[WhiteTeam "McMaster University - Team B"]
[BlackTeam "University of Toronto - Team B"]

1. e4 c5 2. Nf3 Nc6 3. d4 cxd4 4. Nxd4 g6 5. c4 Bg7 6. Be3 d6 7. Nc3 Nf6 8. Be2 O-O 9. O-O Bd7 10. h3 Nxd4 11. Bxd4 Bc6 12. Qc2 Nd7 13. Bxg7 Kxg7 14. Rad1 a5 15. b3 Qb6 16. Qb2 Kg8 17. Nd5 Bxd5 18. exd5 Nc5 19. Rb1 Qb4 20. a3 Qb6 21. Rfe1 Rfe8 22. Bf1 Rac8 23. Re3 Nd7 24. Rbe1 Ne5 25. Qa1 Qd8 26. f4 Nd7 27. Bd3 b5 28. cxb5 Nb6 29. f5 Nxd5 30. fxg6 hxg6 31. Re4 e5 32. Rg4 Nf4 33. Bc4 d5 34. Rxf4 exf4 35. Rxe8+ Qxe8 36. Bxd5 Qe3+ 37. Kh2 Qg3+ 38. Kg1 Re8 39. Qf1 Re1 40. b6 Qe3+ 0-1

[Event "CAN-ch Universities"]
[Site "Toronto CAN"]
[Date "2026.01.17"]
[Round "3.1"]
[White "Tanaka, Taira Tyler"]
[Black "Vettese, Nicholas"]
[Result "0-1"]
[WhiteElo "2246"]
[BlackElo "2406"]
[WhiteFideId "-1"]
[BlackFideId "-1"]
[PlyCount "98"]
[GameId "2264108699340800"]
[EventDate "2026.01.17"]
[EventType "team-swiss"]
[EventRounds "5"]
[EventCountry "CAN"]
[WhiteTeam "McGill University - Team A"]
[BlackTeam "University of Toronto - Team A"]

1. c4 Nf6 2. Nc3 e5 3. Nf3 e4 4. Ng5 c6 5. Ngxe4 Nxe4 6. Nxe4 d5 7. cxd5 cxd5 8. Ng3 h5 9. e3 h4 10. Ne2 Nc6 11. d4 Qf6 12. Nc3 Qg6 13. f3 Bd6 14. Kf2 Bf5 15. Bd2 O-O-O 16. Rc1 Kb8 17. Na4 Nb4 18. Bxb4 Bxb4 19. Nc5 Bxc5 20. Rxc5 Rc8 21. Be2 b6 22. Rc3 Rxc3 23. bxc3 Rc8 24. Qd2 Qd6 25. Ba6 Rc7 26. g4 Bh7 27. Be2 f5 28. Bd3 fxg4 29. Bxh7 g6 30. fxg4 Rxh7 31. Ke1 Rc7 32. Rf1 Qa3 33. Rf6 Rxc3 34. Rf8+ Qxf8 35. Qxc3 Qf3 36. Qa3 Qh1+ 37. Kd2 Qxh2+ 38. Kd3 Qc7 39. Qf8+ Kb7 40. Qg8 Qc4+ 41. Kd2 Ka6 42. Qxg6 h3 43. Qb1 h2 44. g5 Qb5 45. Qh1 Qb2+ 46. Kd3 Qf2 47. g6 Qg1 48. Qxd5 Qf1+ 49. Kd2 h1=Q 0-1